| 000 | 00653nam a22002177a 4500 | ||
|---|---|---|---|
| 003 | OSt | ||
| 005 | 20170214175352.0 | ||
| 008 | 170214b xxu||||| |||| 00| 0 eng d | ||
| 020 | _a9780323065375 | ||
| 040 | _c040a | ||
| 082 |
_aWY 100 _bG951n 2011 |
||
| 100 |
_aGulanick, Meg _911572 |
||
| 245 |
_aNursing care plans: _bdiagnoses, interventions and outcomes / _cMeg Gulanick, Judith L. Myers |
||
| 250 | _a7th.ed. | ||
| 260 |
_aMissouri _bElsevier Mosby _c2011 |
||
| 300 |
_axiii, 991p; _c25cm. |
||
| 504 | _aIncludes bibliographical references and index | ||
| 650 |
_aNursing plans _911573 |
||
| 700 |
_aMyers, Judith L _911574 |
||
| 942 |
_2z _cO_SHELF |
||
| 999 |
_c5547 _d5547 |
||